NFL teams home state - Statistics

General Stats
  • This quiz has been taken 40 times
  • The average score is 20 of 21
Answers on the Map
Answers color-coded by a green-red scale on the quiz's map according to % correct below.
 
Answer Stats
Answer % Correct
Bengals&Browns
100%
Broncos
100%
Jaguars&Dolphins&Buccaneers
100%
Jets&Bills&Giants
100%
Saints
100%
Seahawks
100%
Texans&Cowboys
100%
Vikings
100%
Packers
96%
Patriots
96%
Rams&Chargers&49ers
96%
Titans
96%
Chiefs
92%
Eagles&Steelers
92%
Ravens&Commanders(DC)
92%
Colts
88%
Falcons
88%
Lions
88%
Panthers
88%
Cardinals
79%
Raiders
79%
No matching quizzes found
Score Distribution
Percent of People with Each Score
Percentile by Number Answered
Your Score History
You have not taken this quiz